| 000 | 01905nam2a22003971 4500 | ||
|---|---|---|---|
| 001 | v19\rc\1772231 | ||
| 005 | 20070417120645.3 | ||
| 035 | _a(NLR Aleph) 005250024 | ||
| 090 |
_a5794074 _c5794074 |
||
| 100 | _a20061204d1904 |||y0rusy50 ca | ||
| 101 | 0 | _arus | |
| 102 | _aRU | ||
| 105 | _ay z ||||| | ||
| 200 | 1 |
_a1) Введение в историю новейшей русской литературы _a2) Белинский _a3) Тургенев _a4) Гончаров _a5) Островский _a6) Некрасов |
|
| 210 | _d1904 | ||
| 215 | _a[2], 6, 4-207 с. | ||
| 461 | 0 |
_1001v19\rc\1772230 _12001#$aЧтения по новейшей русской литературе$fГ.В. Александровский$vВып. 1 |
|
| 517 | 0 | _aВведение в историю новейшей русской литературы | |
| 517 | 0 | _aБелинский | |
| 517 | 0 | _aТургенев | |
| 517 | 0 | _aГончаров | |
| 517 | 0 | _aОстровский | |
| 517 | 0 | _aНекрасов | |
| 702 | 1 |
_aБелинский _bВ. Г. _f1811-1848 _gВиссарион Григорьевич _3RU\NLR\AUTH\7716241 _4570 _7ca |
|
| 702 | 1 |
_aТургенев _bИ. С. _f1818-1883 _gИван Сергеевич _3RU\NLR\AUTH\77102 _4570 _7ca |
|
| 702 | 1 |
_aГончаров _bИ. А. _f1812-1891 _gИван Александрович _3RU\NLR\AUTH\77582 _4570 _7ca |
|
| 702 | 1 |
_aОстровский _bА. Н. _cдраматург _f1823-1886 _gАлександр Николаевич _3RU\NLR\auth\776244 _4570 _7ca |
|
| 702 | 1 |
_aНекрасов _bН. А. _cпоэт _f1821-1877 _gНиколай Алексеевич _2psbo _3RU\NLR\AUTH\776255 _4570 _7ca |
|
| 801 | 0 |
_aRU _bNLR _c20061204 _gpsbo |
|
| 801 | 0 |
_aRU _bRuMoRGB _c20061204 _2psbo |
|
| 801 | 1 |
_aRU _bProSoft-M _c20061204 _2rusmarc |
|
| 801 | 2 |
_aRU _bNLR _c20070417 _2rusmarc |
|
| 852 |
_aNLR _j38.36.1.21 |
||
| 852 |
_aNLR _j132/5619 |
||
| 942 | _cBOOK | ||
| 980 | _aNB | ||